000 01525cam a22003131 4500
001 l 39000049
003 DLC
005 20260227111536.0
008 790427s1939 dcua f000 0 eng c
010 _al 39000049
035 _a(OCoLC)4903104
040 _aU.S. Dept. of Labor. Libr.
_cWMUW
_dWMUW
_dOCoLC
_dDLC
050 0 0 _aHD8051
_b.A62 no. 637
082 _a331.06173
100 1 _aWilliams, Faith M.
_q(Faith Moors),
_d1893-
245 1 0 _aMoney disbursements of wage earners and clerical workers in the North Atlantic region, 1934-36,
_cby Faith M. Williams and Alice C. Hanson.
260 _aWashington,
_bU.S. Govt. Print. Off.,
_c1939.
300 _a2 v.
_btables, forms, diagrs.
_c23 cm.
490 0 _aU. S. Bureau of Labor Statistics. Bulletin,
_vno. 637
500 _aAt head of title: United States Department of Labor. Francis Perkins, Secretary. Bureau of Labor Statistics. Isador Lubin, Commissioner.
500 _a"This survey was made in cooperation with the Russell Sage Foundation, the New York State Temporary Relief Administration, and the Works Progress Administration."--Pref., v. 1.
505 0 _av. 1. New York City.--v. 2. Eleven cities.
650 0 _aCost and standard of living
_zUnited States.
650 0 _aCost and standard of living
_zNew York (State)
_zNew York.
700 1 _aJones, Alice Hanson,
_d1904-
710 2 _aRussell Sage Foundation
710 1 _aNew York (State).
_bTemporary Emergency Relief Administration.
710 1 _aUnited States.
_bWork Projects Administration.
999 _c36290
_d36290